Znani Polacy na zdjęciach - Statystyki

Ogólne statystyki
  • Ten quiz został rozwiązany 1 115 razy
  • Średni wynik to 22 z 37
Statystyki odpowiedzi
Obrazkowy Hint Odpowiedź % Poprawnych
Jedyny Polski papież Jan Paweł II
96%
Założyciel NSZZ "Solidarność" Lech Wałęsa
96%
Wieszcz narodowy; autor "Pana Tadeusza" Adam Mickiewicz
92%
Naczelnik Państwa w 1918-1922 Józef Piłsudski
92%
Autor dzieła "O obrotach sfer niebieskich" Mikołaj Kopernik
91%
Piłkarz reprezentacji Polski Robert Lewandowski
89%
Kompozytor i pianista Fryderyk Chopin
88%
Jedyna polska noblistka z dziedziny fizyki i chemii Maria Skłodowska-Curie
88%
Pierwszy król Polski Bolesław Chrobry
87%
Skoczek narciarski i kierowca rajdowy Adam Małysz
85%
Były Przewodniczący Rady Europejskiej Donald Tusk
85%
Polska noblistka z dziedziny literatury Wisława Szymborska
83%
Autor "Quo Vadis"; noblista Polski Henryk Sienkiewicz
82%
Prezes PZPN; Członek komitetu wykonawczego UEFA Zbigniew Boniek
82%
Piosenkarz, kompozytor i prezenter telewizyjny Zbigniew Wodecki
74%
Były zawodnik NBA Marcin Gortat
73%
Przywódca powstania narodowego w 1794 r. Tadeusz Kościuszko
70%
Ostatni monarcha z dynastii Piastów Kazimierz Wielki
62%
Reżyser filmu "Pianista" Roman Polański
60%
Jeden z pomysłodawców Konstytucji 3 Maja Stanisław August Poniatowski
60%
Pięściarz, brązowy medalista olimpijski Andrzej Gołota
59%
Reżyser filmów "Katyń", "Wałęsa. Człowiek z nadziei" Andrzej Wajda
58%
Najlepszy polski piłkarz wszechczasów Kazimierz Deyna
56%
Ostatni premier PRL Tadeusz Mazowiecki
47%
Autor "Ferdydurki" Witold Gombrowicz
45%
Zdobywca 4 złotych medali olimpijskich za chód na 50 km Robert Korzeniowski
40%
Lekkoatletka w biegach sprinterskich i skoku w dal Irena Szewińska
36%
Wokaliska i kompozytorka jazzowa Urszula Dudziak
32%
Gracz e-sportowy pashaBiceps
30%
Bokser, były mistrz świata zawodowców federacji WBO, WBA, IBF Dariusz Michalczewski
28%
Aktorka filmowa i teatralna Krystyna Janda
27%
Bohater walk o wolność dwóch narodów, polskiego i amerykańskiego Kazimierz Pułaski
22%
Twórca mapy księżyca Jan Heweliusz
20%
Pułkownik Ludowego Wojska Polskiego, agent wywiadu CIA Ryszard Kukliński
19%
Twórca języka esperanto Ludwik Zamenhof
17%
Doradca prezydenta USA Jimmiego Cartera Zbigniew Brzeziński
16%
Twórca pomnika Mount Rushmore, przedstawiającego 4 amerykańskich prezydentów Korczak Ziółkowski
2%
Nie znaleziono quizów pasujących do podanych kryteriów
Rozkład punktacji
Procent ludzi z każdym wynikiem
Percentyl według liczby udzielonych odpowiedzi
Twoja historia wyników
Nie rozwiązałeś tego quizu